Compendio de gramática castellana

Salvato in:
Dettagli Bibliografici
Autore principale: Vilches Acuña, Roberto (Autore)
Natura: Libro
Lingua:spagnolo
Pubblicazione: Santiago Nascimento 1984
Edizione:4a. ed
Soggetti:
Tags: Aggiungi Tag
Nessun Tag, puoi essere il primo ad aggiungerne!!

MARC

LEADER 00000cam a2200000 a 4500
001 UCD2778
003 CL-VaPUC
008 160505e19840000cl |||||||||||||||||spa|d
082 0 4 |a 465  |b VIL  |2 21 
100 0 |a Vilches Acuña, Roberto  |e author  |9 586145 
245 1 0 |a Compendio de gramática castellana 
250 |a 4a. ed 
300 |a 166 p 
942 |c BK 
945 |d 20160505 16:04:00  |a arojas 
260 |a Santiago  |b Nascimento  |c 1984 
650 0 |a Gramática  |9 270497 
650 0 |a Español  |9 255372 
650 7 |a LINGUISTICA DESCRIPTIVA  |2 CL-VaPUC  |9 586146 
650 0 |a Morfología Lingüística   |9 340777 
650 0 |a Sintaxis  |9 318843 
583 |a last modification  |c 20160505 16:04:00  |k Rodrigo Vera 
999 |c 363899  |d 363897 
952 |0 0  |1 0  |3 erb  |4 0  |6 465_000000000000000_VIL_1984  |7 0  |8 A  |9 476729  |a BIBEDU  |b BIBEDU  |e Villagrán Garnham, Jorge  |i 5300320  |o 465 VIL 1984  |p 5300320  |r 2019-11-24  |w 2019-11-24  |y BK  |z Catalogado en:20160505  |k LIT